Etiqueta de registo: 00812nam 2200217 450
001 2285581
003 http://id.bnportugal.gov.pt/bib/catbnp/2285581
100 ## $a20260430d1887 m y0pory01030103ba
101 0# $apor
102 ## $aPT
105 ## $ay z 000yy
106 ## $ar
200 1# $a17.º concerto$eprogramma, 1.º da 5.ª serie, em 5 de Dezembro de 1887$fReal Academia de Amadores de Musica
210 #9 $a[S.l.$cs.n.,$dimp. 1887$eLisboa$gTyp. Netto & Comp.ª)
215 ## $a28 p.$d18 cm
317 ## $aConservatório Nacional$5PTBN: C.N. 809 P.
330 ## $aDedicado à memória do grande compositor Mozart ; Programa ; Uma memória da Academia
desde a sua fundação
601 02 $aAcademia de Amadores de Música$xEspectáculos musicais$x[Programas]$2SIPOR$31337603
606 ## $aEspectáculos musicais$yLisboa (Portugal)$x[Programas]$2SIPOR$31171769
675 ## $a061.7:78(469.411)$vBN$zpor$31232691
675 ## $a78(049)$vBN$zpor$31321291
710 02 $aReal Academia de Amadores de Música$315739
712 02 $aTipografia Neto & Companhia$c(Lisboa)$4610$31997392
712 01 $aPortugal.$bConservatório Nacional.$bEscola de Música$4390$31172174
801 #0 $aPT$bBN$gRPC
966 ## $lBN$mMUSICA$pConservatório Nacional$sC.N. 809 P. $x7
971 ## $cjamaral$d20260430
997 ## $aBIBEOD